Verbes du deuxième groupe - Mort subite - Statistiques

Statistiques générales
  • Ce quiz a été pris 28 418 fois
  • Le résultat moyen est 7 sur 20
Answers on the Grid
Answers color-coded by a green-red scale on the quiz's grid according to % correct below.
Finir
Haïr
Accomplir
Affranchir
Subir
Saisir
Garantir
Grossir
Éclaircir
Vieillir
Surgir
Sévir
Obéir
Rôtir
Pourrir
Refroidir
Ralentir
Engloutir
Languir
Jaillir
Accueillir
Venir
Tenir
Courir
Cuire
Dire
Couvrir
Dormir
S'enfuir
Faillir
Mentir
Offrir
Partir
Conquérir
Rire
Servir
Vêtir
Se Souvenir
Sortir
Sentir
 
Statistiques - réponses
Réponse % Correct
Finir
42%
Grossir
39%
Obéir
39%
Saisir
39%
Accomplir
38%
Ralentir
38%
Subir
38%
Vieillir
38%
Éclaircir
37%
Garantir
37%
Refroidir
37%
Pourrir
36%
Rôtir
36%
Affranchir
35%
Engloutir
35%
Jaillir
35%
Surgir
35%
Haïr
34%
Sévir
31%
Languir
28%
Aucun quiz correspondant
Distribution des résultats
% des personnes avec chaque résultat
Percentile par nombre de réponses
Votre historique - résultats
Vous n’avez pas pris ce quiz